[Event "BL 0506 SK Zehlendorf - SV Mülheim Nord"]
[Site "?"]
[Date "2005.11.12"]
[Round "3.3"]
[White "Levin, Felix"]
[Black "Werner, Dimo"]
[Result "1-0"]
[WhiteElo "2506"]
[BlackElo "2376"]
[PlyCount "67"]
[EventDate "2005.??.??"]

1. d4 Nf6 2. c4 g6 3. Nc3 Bg7 4. e4 O-O 5. Nf3 d6 6. Be3 Na6 7. Be2 Ng4 8. Bg5
h6 9. Bh4 g5 10. Bg3 e5 11. h4 exd4 12. Nxd4 Ne5 13. hxg5 hxg5 14. Qd2 Nc5 15.
O-O-O Re8 16. Rh5 Ng6 17. f3 a5 18. Kb1 a4 19. a3 Ra6 20. Ndb5 Ne6 21. Rh2 Ngf4
22. Bf1 Be5 23. Rh1 Nc5 24. Bf2 Nb3 25. Qc2 c6 26. Nxd6 Bxd6 27. c5 Ra5 28.
Rxd6 Qe7 29. Nxa4 Be6 30. Qc3 Ng6 31. Nb6 Rd8 32. Bc4 Bxc4 33. Nxc4 Rb5 34.
Rxg6+ 1-0

[Event "BL 0506 SK Zehlendorf - SV Mülheim Nord"]
[Site "?"]
[Date "2005.11.12"]
[Round "3.4"]
[White "Janz, Frerik"]
[Black "Schebler, Gerhard"]
[Result "0-1"]
[WhiteElo "2355"]
[BlackElo "2474"]
[PlyCount "66"]
[EventDate "2005.??.??"]

1. c4 g6 2. d4 Bg7 3. e4 d6 4. Nc3 e5 5. Nge2 exd4 6. Nxd4 Ne7 7. Bg5 f6 8. Be3
Nbc6 9. h4 f5 10. h5 fxe4 11. Nxe4 Bf5 12. Nxf5 gxf5 13. Nc3 Bxc3+ 14. bxc3 Qd7
15. c5 O-O-O 16. Bc4 Ne5 17. Qb3 Nxc4 18. Qxc4 d5 19. Qb3 Rhg8 20. g3 Rg4 21.
O-O-O Qc6 22. Rd4 Qe6 23. Rhd1 Rxd4 24. cxd4 Nc6 25. f3 Re8 26. Bf2 Qf7 27. Rd2
Na5 28. Qb5 Nc4 29. Rc2 c6 30. Qa4 Qxh5 31. Rxc4 dxc4 32. Qxa7 Re2 33. Qa8+ Kc7
0-1

[Event "BL 0506 SK Zehlendorf - SV Mülheim Nord"]
[Site "?"]
[Date "2005.11.12"]
[Round "3.5"]
[White "Saltaev, Mihail"]
[Black "Heinig, Wolfram Dr"]
[Result "1-0"]
[WhiteElo "2498"]
[BlackElo "2338"]
[PlyCount "111"]
[EventDate "2005.??.??"]

1. e4 c6 2. d4 d5 3. Nd2 dxe4 4. Nxe4 Bf5 5. Ng3 Bg6 6. h4 h6 7. Nf3 Nd7 8. h5
Bh7 9. Bd3 Bxd3 10. Qxd3 e6 11. Bf4 Qa5+ 12. Bd2 Qa4 13. Ne4 Ngf6 14. Nxf6+
Nxf6 15. Qb3 Qxb3 16. axb3 c5 17. Ra4 cxd4 18. Nxd4 Bc5 19. Nb5 Ke7 20. Rc4
Rhc8 21. Bf4 Nd5 22. Be5 a6 23. Nc7 Nxc7 24. Rxc5 Ne8 25. b4 f6 26. Bd4 e5 27.
Be3 Nd6 28. Rh4 b6 29. Rxc8 Rxc8 30. c3 Rc4 31. Rh3 b5 32. Bc5 Ke6 33. f3 Nb7
34. Be3 Nd6 35. Bc5 Nb7 36. Be3 Nd6 37. Kd2 Nf5 38. Rh1 Rh4 39. Ra1 Rh2 40.
Rxa6+ Kd5 41. b3 e4 42. fxe4+ Kxe4 43. Re6+ Kd5 44. Re8 Nd6 45. Rd8 Ke4 46. Bc5
Rxg2+ 47. Kc1 Nf5 48. c4 bxc4 49. bxc4 Ng3 50. b5 Ne2+ 51. Kb2 Nd4+ 52. Ka3 Ne6
53. Re8 Kd3 54. Bb4 Kxc4 55. b6 Nd4 56. Rc8+ 1-0

[Event "BL 0506 SK Zehlendorf - SV Mülheim Nord"]
[Site "?"]
[Date "2005.11.12"]
[Round "3.6"]
[White "Carmeille, Ludovic"]
[Black "Hausrath, Daniel"]
[Result "0-1"]
[WhiteElo "2329"]
[BlackElo "2463"]
[PlyCount "78"]
[EventDate "2005.??.??"]

1. e4 g6 2. d4 Bg7 3. Nc3 d6 4. Be3 a6 5. a4 b6 6. Qd2 Bb7 7. Bc4 e6 8. d5 e5
9. Nge2 Nd7 10. O-O h5 11. a5 Bh6 12. b4 Qh4 13. f3 Bxe3+ 14. Qxe3 Nh6 15. b5
Ke7 16. bxa6 Bxa6 17. Bxa6 Rxa6 18. axb6 Rxa1 19. Rxa1 cxb6 20. g3 Qf6 21. Ra7
g5 22. Nb5 Rc8 23. Nec3 g4 24. f4 exf4 25. gxf4 Rc5 26. Nd4 g3 27. h3 h4 28.
Nc6+ Kf8 29. e5 Qf5 30. e6 Qxh3 31. e7+ Kg7 32. Qd4+ Kh7 33. Qd3+ Nf5 34. Qxf5+
Qxf5 35. e8=Q h3 36. Rxd7 h2+ 37. Kh1 g2+ 38. Kxh2 g1=Q+ 39. Kxg1 Qg4+ 0-1

[Event "BL 0506 SK Zehlendorf - SV Mülheim Nord"]
[Site "?"]
[Date "2005.11.12"]
[Round "3.7"]
[White "Lytchak, Alexander Dr"]
[Black "Klimm, Wolf-Dietrich"]
[Result "1/2-1/2"]
[WhiteElo "2440"]
[BlackElo "2287"]
[PlyCount "38"]
[EventDate "2005.??.??"]

1. Nf3 c5 2. c4 Nf6 3. g3 b6 4. Bg2 Bb7 5. O-O e6 6. Nc3 d6 7. d4 cxd4 8. Qxd4
a6 9. Bg5 Be7 10. Bxf6 Bxf6 11. Qf4 Ra7 12. Rfd1 Be7 13. Ne4 Bxe4 14. Qxe4 O-O
15. Nd4 Rc7 16. b3 Rc5 17. Qd3 Qc8 18. a4 Rd8 19. Ra2 Bf6 1/2-1/2

[Event "BL 0506 SK Zehlendorf - SV Mülheim Nord"]
[Site "?"]
[Date "2005.11.12"]
[Round "3.8"]
[White "Lieb, Harald"]
[Black "Kern, Guido"]
[Result "0-1"]
[WhiteElo "2236"]
[BlackElo "2340"]
[PlyCount "68"]
[EventDate "2005.??.??"]

1. d4 e6 2. g3 c5 3. Nf3 Nf6 4. Bg2 Qa5+ 5. Nbd2 cxd4 6. Nxd4 Nc6 7. Nxc6 bxc6
8. O-O Ba6 9. Nf3 Be7 10. Re1 d5 11. Bd2 Qb6 12. Bc3 O-O 13. Ne5 Rad8 14. Qd2
Qb7 15. Qf4 c5 16. Ng4 Nxg4 17. Qxg4 g6 18. h4 Qb6 19. Rab1 d4 20. Bd2 e5 21.
e4 Bc8 22. Qf3 c4 23. Bh6 Rfe8 24. Bf1 Be6 25. h5 g5 26. b3 c3 27. Qd3 Bc8 28.
Bxg5 Bxg5 29. Qf3 Qf6 30. Qg2 Kh8 31. Bd3 Bg4 32. Rf1 Bf3 33. Qh3 Rg8 34. Kh2
Bd2 0-1

[Event "BL 0506 SK Zehlendorf - SG Kirchheim"]
[Site "?"]
[Date "2005.10.23"]
[Round "2.2"]
[White "Werner, Dimo"]
[Black "Wippermann, Till"]
[Result "1/2-1/2"]
[WhiteElo "2376"]
[BlackElo "2446"]
[PlyCount "76"]
[EventDate "2005.??.??"]

1. d4 g6 2. e4 Bg7 3. Nf3 c5 4. d5 d6 5. Bb5+ Bd7 6. a4 Nf6 7. Nc3 O-O 8. h3 e6
9. O-O exd5 10. exd5 Na6 11. Bf4 Bxb5 12. Nxb5 Ne8 13. c3 Nac7 14. Re1 Nxb5 15.
axb5 Nc7 16. Qb3 Qd7 17. c4 Rfe8 18. Rxe8+ Nxe8 19. Qc2 Nc7 20. Nd2 f5 21. Nf3
h6 22. h4 b6 23. Qd2 Kh7 24. Ra3 a6 25. bxa6 Rxa6 26. Rxa6 Nxa6 27. b3 Qe7 28.
Bg3 Nb4 29. Qf4 Bf8 30. h5 Qe4 31. hxg6+ Kxg6 32. Qxe4 fxe4 33. Nd2 Kf5 34. Kf1
Nc2 35. Ke2 Nd4+ 36. Ke3 Nc2+ 37. Ke2 Nd4+ 38. Ke3 Nc2+ 1/2-1/2

[Event "BL 0506 SK Zehlendorf - SG Kirchheim"]
[Site "?"]
[Date "2005.10.23"]
[Round "2.3"]
[White "Gschnitzer, Oswald Dr"]
[Black "Janz, Frerik"]
[Result "1-0"]
[WhiteElo "2427"]
[BlackElo "2355"]
[PlyCount "111"]
[EventDate "2005.??.??"]

1. Nf3 c5 2. c4 b6 3. g3 Bb7 4. Bg2 Nf6 5. Nc3 e6 6. O-O d6 7. Re1 Nbd7 8. e4
Rc8 9. b3 a6 10. Bb2 Be7 11. d4 cxd4 12. Nxd4 Qc7 13. Rc1 O-O 14. f4 Ba8 15.
Kh1 Rfe8 16. g4 Nf8 17. g5 N6d7 18. Qg4 Ng6 19. Nde2 Qb8 20. h4 b5 21. cxb5
axb5 22. h5 Ngf8 23. b4 Rc4 24. a3 Rec8 25. Ng3 d5 26. Nxd5 exd5 27. Nf5 Re8
28. Nh6+ Kh8 29. Nxf7+ Kg8 30. Nh6+ Kh8 31. Rxc4 dxc4 32. Nf5 Kg8 33. Nxg7 c3
34. Nxe8 Qxe8 35. Bxc3 Qf7 36. f5 Qc4 37. Qg3 Bd8 38. g6 Nf6 39. Qe5 Qd3 40.
Bb2 Qd2 41. Bc3 Qg5 42. gxh7+ Kxh7 43. Bf3 N8d7 44. Qh2 Ng4 45. Qg3 Nde5 46.
Bxe5 Nxe5 47. Qxg5 Bxg5 48. Kg2 Bc6 49. Rd1 Nc4 50. Kg3 Kg7 51. e5 Bxf3 52.
Kxf3 Nxe5+ 53. Ke4 Nc4 54. Rg1 Kh6 55. Kd5 Kxh5 56. Ke6 1-0

[Event "BL 0506 SK Zehlendorf - SG Kirchheim"]
[Site "?"]
[Date "2005.10.23"]
[Round "2.4"]
[White "Heinig, Wolfram Dr"]
[Black "Tompa, Janos"]
[Result "1/2-1/2"]
[WhiteElo "2338"]
[BlackElo "2408"]
[PlyCount "23"]
[EventDate "2005.??.??"]

1. d4 Nf6 2. c4 e6 3. g3 c5 4. Nf3 cxd4 5. Nxd4 Bb4+ 6. Bd2 Qb6 7. e3 Nc6 8.
Bg2 d5 9. O-O O-O 10. Bxb4 Qxb4 11. cxd5 exd5 12. Qb3 1/2-1/2

[Event "BL 0506 SK Zehlendorf - SG Kirchheim"]
[Site "?"]
[Date "2005.10.23"]
[Round "2.8"]
[White "Kalabic, Faris"]
[Black "Zuse, Klaus-Peter"]
[Result "0-1"]
[WhiteElo "2144"]
[BlackElo "2333"]
[PlyCount "140"]
[EventDate "2005.??.??"]

1. d4 Nf6 2. Bf4 c5 3. e3 Qb6 4. Nc3 a6 5. Na4 Qa5+ 6. c3 cxd4 7. b4 Qd8 8.
exd4 d6 9. Bd3 Bg4 10. f3 Bh5 11. Ne2 Nbd7 12. O-O e6 13. c4 Be7 14. Rb1 Bg6
15. c5 Nd5 16. Bxg6 hxg6 17. Bd2 Qc7 18. f4 b6 19. cxb6 N7xb6 20. Nxb6 Qxb6 21.
Rf3 Bf6 22. Be1 Rc8 23. Bf2 O-O 24. g4 g5 25. f5 Rfe8 26. Rbb3 Rc4 27. a3 Qc6
28. Qd3 exf5 29. Rxf5 Nf4 30. d5 Nxd3 31. dxc6 Nxf2 32. Rxf2 Rxc6 33. Kg2 d5
34. Rd3 d4 35. Ng3 Rc3 36. Rxc3 dxc3 37. Kf3 Re1 38. Ra2 Rb1 39. Ne2 Rb2 40.
Ra1 Rb3 41. Ke4 c2 42. Rc1 Rxa3 43. Rxc2 Ra4 44. Rc8+ Kh7 45. Ra8 Rxb4+ 46. Kf3
Rb6 47. Ng3 Be5 48. Ne4 Kg6 49. Nc5 Bxh2 50. Nxa6 Bd6 51. Ra7 Kf6 52. Nc7 Bxc7
53. Rxc7 g6 54. Rc5 Re6 55. Ra5 Re5 56. Ra6+ Kg7 57. Ra7 Rb5 58. Rc7 Rb3+ 59.
Kf2 Rb4 60. Kf3 Rf4+ 61. Kg3 Kf8 62. Rc6 f5 63. gxf5 gxf5 64. Rc7 Rh4 65. Ra7
f4+ 66. Kf3 Rh3+ 67. Ke4 Rb3 68. Ra5 Rg3 69. Ra7 f3 70. Ra3 g4 0-1

[Event "BL 0506 Leipzig Gohlis - OSC Baden Bade"]
[Site "?"]
[Date "2005.10.23"]
[Round "2.1"]
[White "Bacrot, Etienne"]
[Black "Vogt, Lothar"]
[Result "1-0"]
[WhiteElo "2725"]
[BlackElo "2484"]
[PlyCount "83"]
[EventDate "2005.??.??"]

1. d4 Nf6 2. c4 g6 3. Nc3 Bg7 4. e4 d6 5. Nf3 O-O 6. Be2 Bg4 7. Be3 Nfd7 8. d5
a5 9. Nd4 Bxe2 10. Qxe2 Na6 11. h4 Nf6 12. g4 Nc5 13. h5 Qd7 14. f3 e5 15. Nc2
Na4 16. Nd1 c6 17. b3 Nc5 18. h6 Bh8 19. Nc3 cxd5 20. cxd5 Rfc8 21. Bxc5 dxc5
22. Ne3 Ne8 23. Nc4 Ra6 24. a4 Nc7 25. Rd1 b5 26. d6 bxc4 27. dxc7 Qxc7 28.
Qxc4 Rd6 29. Rxd6 Qxd6 30. Ke2 Bf6 31. Rd1 Qf8 32. Rd7 Rd8 33. Nd5 Bg5 34. Rxd8
Bxd8 35. Qc1 Bh4 36. g5 Qd8 37. f4 Bg3 38. Qc3 Bxf4 39. Nxf4 Qxg5 40. Nd5 Qxh6
41. Qxe5 Qh3 42. Nf6+ 1-0

[Event "BL 0506 Leipzig Gohlis - OSC Baden Bade"]
[Site "?"]
[Date "2005.10.23"]
[Round "2.2"]
[White "Voigt, Roland"]
[Black "Krasenkow, Michal"]
[Result "0-1"]
[WhiteElo "2384"]
[BlackElo "2655"]
[PlyCount "64"]
[EventDate "2005.??.??"]

1. e4 g6 2. d4 Bg7 3. Nf3 d6 4. c3 Nd7 5. Bg5 h6 6. Bh4 g5 7. Bg3 e5 8. Bc4 Ne7
9. Na3 Ng6 10. h4 Qe7 11. hxg5 hxg5 12. Rxh8+ Bxh8 13. dxe5 Ndxe5 14. Nxe5 Bxe5
15. Bxe5 Nxe5 16. Qh5 Qf6 17. Nb5 Bg4 18. Qh2 O-O-O 19. Qg3 Qg6 20. f3 Bxf3 21.
gxf3 Nxc4 22. O-O-O a6 23. Nd4 Rh8 24. Rg1 Ne5 25. b3 Rh5 26. Nf5 Kb8 27. c4
Nd3+ 28. Kc2 Nf4 29. Rd1 Rh3 30. Qg4 Qf6 31. Nd4 Rh2+ 32. Kb1 Ne2 0-1

[Event "BL 0506 Leipzig Gohlis - OSC Baden Bade"]
[Site "?"]
[Date "2005.10.23"]
[Round "2.3"]
[White "Movsesian, Sergei"]
[Black "Roos, Michael"]
[Result "1-0"]
[WhiteElo "2635"]
[BlackElo "2371"]
[PlyCount "111"]
[EventDate "2005.??.??"]

1. e4 c6 2. d4 d5 3. e5 Bf5 4. Be3 Qb6 5. Qc1 e6 6. c4 dxc4 7. Bxc4 Nd7 8. Ne2
Qd8 9. Nbc3 Ne7 10. Ng3 Bg6 11. h4 h6 12. h5 Bh7 13. Qd1 Nb6 14. Bb3 Nf5 15.
Nxf5 Bxf5 16. g4 Bh7 17. f4 Bb4 18. Qf3 Bd3 19. O-O-O Bc4 20. Bxc4 Nxc4 21. Ne4
Nxe3 22. Qxe3 Qd5 23. Kb1 O-O-O 24. Rd3 Kb8 25. Rhd1 Rhe8 26. f5 f6 27. Qf4 Ka8
28. Ng3 Be7 29. fxe6 Qxe6 30. Nf5 Bf8 31. Re1 fxe5 32. Rxe5 Qf7 33. Rde3 a6 34.
Qe4 Rxe5 35. dxe5 Qe6 36. Re1 c5 37. Ne3 Be7 38. Nf5 Bf8 39. b3 Rd2 40. Qc4 Rd5
41. Kc2 b5 42. Qf4 Rd8 43. Qe4+ Ka7 44. Rd1 Rxd1 45. Kxd1 a5 46. Ke2 a4 47. Qe3
axb3 48. axb3 Ka6 49. Kf3 Ka5 50. Qc3+ b4 51. Qd3 c4 52. Qd8+ Qb6 53. Qxf8 cxb3
54. Qa8+ Qa6 55. Qd5+ Ka4 56. Ne3 1-0

[Event "BL 0506 Leipzig Gohlis - OSC Baden Bade"]
[Site "?"]
[Date "2005.10.23"]
[Round "2.5"]
[White "Dautov, Rustem"]
[Black "Schoeneberg, Manfred"]
[Result "1-0"]
[WhiteElo "2581"]
[BlackElo "2322"]
[PlyCount "129"]
[EventDate "2005.??.??"]

1. d4 Nf6 2. c4 e6 3. Nf3 b6 4. g3 Bb7 5. Bg2 Bb4+ 6. Bd2 Be7 7. Nc3 O-O 8. O-O
d5 9. cxd5 exd5 10. Bf4 c5 11. dxc5 bxc5 12. Qb3 Qb6 13. Ne5 Qxb3 14. axb3 Na6
15. Nc4 Nb4 16. Nd6 Bc8 17. Nxc8 Rfxc8 18. Rfd1 Rd8 19. Be5 Rd7 20. Bxf6 Bxf6
21. e4 Rb8 22. exd5 Nc2 23. Ra5 Nd4 24. Rxc5 Nxb3 25. Rc4 Na5 26. Ra4 Rxb2 27.
Bh3 Rd8 28. Ne4 Rb5 29. d6 Kf8 30. Bf1 Rf5 31. f4 Nb7 32. Rxa7 Nc5 33. Ra5 Nxe4
34. Rxf5 Rxd6 35. Rxd6 Nxd6 36. Ra5 g6 37. Kg2 Nf5 38. Kf3 Kg7 39. Bc4 Nd4+ 40.
Ke4 Nc6 41. Ra6 Ne7 42. g4 h6 43. Ra7 g5 44. f5 Kf8 45. h3 Kg7 46. Bb3 Kf8 47.
Rb7 Kg7 48. Ba2 Kf8 49. Bc4 Kg7 50. Kd3 Kf8 51. Kc2 Kg7 52. Kb3 Kf8 53. Ka4 Kg7
54. Kb5 Kf8 55. Kc5 Be5 56. Bb3 Ke8 57. Bc4 Kf8 58. Ra7 Bf6 59. Ra8+ Kg7 60.
Kd6 h5 61. Kd7 hxg4 62. hxg4 Ng8 63. Ke8 Nh6 64. Ra7 Nxg4 65. Rxf7+ 1-0

[Event "BL 0506 Leipzig Gohlis - OSC Baden Bade"]
[Site "?"]
[Date "2005.10.23"]
[Round "2.6"]
[White "Quast, Michael"]
[Black "Schlosser, Philipp"]
[Result "0-1"]
[WhiteElo "2281"]
[BlackElo "2560"]
[PlyCount "104"]
[EventDate "2005.??.??"]

1. e4 c5 2. Nc3 Nc6 3. f4 g6 4. Nf3 Bg7 5. Bb5 Nd4 6. a4 a6 7. Bc4 e6 8. O-O
Ne7 9. e5 d5 10. exd6 Qxd6 11. d3 Qc7 12. Ne4 b6 13. c3 Ndc6 14. Qe1 Bb7 15.
Neg5 Nd8 16. Bd2 h6 17. Ne4 Bd5 18. Qh4 Nf5 19. Qh3 Bxc4 20. dxc4 Nb7 21. g4
Nfd6 22. Rae1 Nxe4 23. Rxe4 Nd6 24. Re2 h5 25. f5 hxg4 26. Qxg4 Nxf5 27. Bf4
Qc6 28. Be5 Kf8 29. Bxg7+ Kxg7 30. Ne5 Qc7 31. Rfe1 Rad8 32. Rg2 Rh6 33. Qf4
Rd6 34. Ng4 Rh4 35. Qe5+ Kf8 36. Nf2 a5 37. Ne4 Rd7 38. Nf6 Re7 39. Qe2 Kg7 40.
Nh5+ Kh8 41. Nf6 Qf4 42. Ng4 Kg7 43. Rf1 Qc7 44. Ne5 Rh3 45. Ng4 Rd7 46. Rf3
Rxf3 47. Qxf3 Qd8 48. Rf2 Rd1+ 49. Rf1 Rxf1+ 50. Kxf1 Qd2 51. Qe2 Qf4+ 52. Ke1
f6 0-1

[Event "BL 0506 Leipzig Gohlis - OSC Baden Bade"]
[Site "?"]
[Date "2005.10.23"]
[Round "2.7"]
[White "Buhmann, Rainer"]
[Black "Hoffmann, Hendrik"]
[Result "1-0"]
[WhiteElo "2546"]
[BlackElo "2288"]
[PlyCount "93"]
[EventDate "2005.??.??"]

1. Nf3 c5 2. c4 g6 3. g3 Bg7 4. Bg2 Nc6 5. Nc3 Nf6 6. O-O O-O 7. d4 cxd4 8.
Nxd4 Nxd4 9. Qxd4 d6 10. Qd3 Qa5 11. Rd1 Rb8 12. h3 a6 13. Bd2 Be6 14. Nd5 Qd8
15. Bg5 Nxd5 16. cxd5 Bd7 17. Qd2 b5 18. Rac1 f6 19. Be3 Rc8 20. b3 Kf7 21. h4
Bf5 22. Rc6 Qd7 23. Kh2 Qb7 24. Qa5 Bg4 25. Rd2 Ra8 26. Rc7 Qb8 27. Rdc2 Rc8
28. Rxc8 Bxc8 29. Rc7 Bf8 30. Bd4 Kg8 31. a3 Bf5 32. e4 Bg4 33. f3 Bc8 34. Bf1
Kf7 35. Bd3 Bh6 36. f4 Bg4 37. Qc3 Bg7 38. e5 b4 39. axb4 fxe5 40. fxe5 dxe5
41. d6 Bf8 42. Bc4+ Ke8 43. Bd5 exd4 44. Bc6+ Kd8 45. Qxd4 exd6 46. Rxh7 Be7
47. Qxg4 1-0

[Event "BL 0506 Leipzig Gohlis - OSC Baden Bade"]
[Site "?"]
[Date "2005.10.23"]
[Round "2.8"]
[White "Schunk, Thomas"]
[Black "Doettling, Fabian"]
[Result "1-0"]
[WhiteElo "2315"]
[BlackElo "2542"]
[PlyCount "83"]
[EventDate "2005.??.??"]

1. Nf3 d5 2. b3 Bg4 3. Bb2 Nd7 4. d4 e6 5. Nbd2 Ngf6 6. Ne5 Nxe5 7. dxe5 Nd7 8.
h3 Bh5 9. g4 Bg6 10. h4 h5 11. g5 c6 12. Bg2 Qc7 13. f4 Bc5 14. e4 Be3 15. Rf1
O-O-O 16. exd5 cxd5 17. Qe2 Qb6 18. Rf3 Bd4 19. c3 Bc5 20. b4 Be7 21. Kf1 Bf5
22. Rg3 Nf8 23. a4 Ng6 24. a5 Qc7 25. Qe3 Kb8 26. Nf3 Qc4+ 27. Kg1 Qxf4 28. Qf2
Nxh4 29. Bc1 Nxf3+ 30. Rxf3 Qc4 31. Be3 a6 32. Bf1 Qc6 33. Ra2 Be4 34. Rh3 Bf5
35. Rg3 h4 36. Rf3 h3 37. Kh2 f6 38. Rb2 fxe5 39. b5 Qd6 40. bxa6 Rd7 41. axb7
Rxb7 42. a6 1-0

[Event "BL 0506 SF Katernberg - SC Kreuzberg"]
[Site "?"]
[Date "2005.10.23"]
[Round "2.1"]
[White "Aronian, Levon"]
[Black "Volokitin, Andrei"]
[Result "1/2-1/2"]
[WhiteElo "2724"]
[BlackElo "2666"]
[PlyCount "84"]
[EventDate "2005.??.??"]

1. Nf3 c5 2. c4 Nc6 3. d4 cxd4 4. Nxd4 Nf6 5. Nc3 e6 6. a3 Be7 7. g3 Qb6 8. Nf3
O-O 9. Bg2 Rd8 10. O-O d5 11. cxd5 Nxd5 12. Qc2 Nxc3 13. bxc3 h6 14. g4 Qa5 15.
Rb1 e5 16. Qe4 Qxc3 17. Bb2 Qa5 18. Nxe5 Nxe5 19. Qxe5 Qxe5 20. Bxe5 Bxa3 21.
Bxb7 Bxb7 22. Rxb7 Re8 23. Bd4 a5 24. Ra1 Bf8 25. Ra4 Rxe2 26. Be3 Bd6 27. Kg2
Rc2 28. Bf4 Bc5 29. Bg3 Be3 30. Ra3 Bd4 31. Ra4 Rb2 32. Rc7 Bb6 33. Rb7 Bd4 34.
Rc7 Bf6 35. h4 Rb3 36. h5 Bc3 37. Rac4 Bb2 38. Ra4 Ra3 39. Re4 a4 40. Be5 Rb3
41. Bxb2 Rxb2 42. Ree7 Rb4 1/2-1/2

[Event "BL 0506 SF Katernberg - SC Kreuzberg"]
[Site "?"]
[Date "2005.10.23"]
[Round "2.3"]
[White "Socko, Bartosz"]
[Black "Kritz, Leonid"]
[Result "1-0"]
[WhiteElo "2610"]
[BlackElo "2545"]
[PlyCount "101"]
[EventDate "2005.??.??"]

1. e4 e5 2. Nf3 Nf6 3. d4 Nxe4 4. Bd3 Nc6 5. dxe5 d5 6. exd6 Nxd6 7. Nc3 Be7 8.
Bf4 Be6 9. Qd2 Qd7 10. O-O-O O-O-O 11. Qe3 Qe8 12. Nd4 Bf6 13. Nxe6 Qxe6 14.
Qxe6+ fxe6 15. Ne4 Nb4 16. Nxd6+ cxd6 17. Bc4 d5 18. Bb3 Nc6 19. c3 e5 20. Bg3
d4 21. Rhe1 dxc3 22. bxc3 Rxd1+ 23. Kxd1 Rd8+ 24. Kc2 Kc7 25. Ba4 Rd5 26. Re4
Rc5 27. f3 Ra5 28. Bb3 Ne7 29. Bf2 Nf5 30. Rc4+ Kd7 31. Ra4 Rxa4 32. Bxa4+ Kc7
33. Kd3 Nh4 34. g3 Nxf3 35. h4 a6 36. Bd1 e4+ 37. Kxe4 Ne5 38. Kd5 Nc6 39. Be1
Na7 40. Be2 Nc8 41. Ke6 Nb6 42. c4 Na4 43. Bb4 Nc3 44. Bd3 Nxa2 45. Bd6+ Kd8
46. Bxh7 Nc3 47. h5 a5 48. h6 Bd4 49. Bc5 Ne2 50. Bxd4 Nxd4+ 51. Kd5 1-0

[Event "BL 0506 SF Katernberg - SC Kreuzberg"]
[Site "?"]
[Date "2005.10.23"]
[Round "2.4"]
[White "Chuchelov, Vladimir"]
[Black "Romanishin, Oleg M"]
[Result "1/2-1/2"]
[WhiteElo "2534"]
[BlackElo "2547"]
[PlyCount "93"]
[EventDate "2005.??.??"]

1. Nf3 Nf6 2. c4 e6 3. g3 a6 4. b3 c5 5. Bg2 b5 6. Nc3 Qa5 7. O-O Bb7 8. e3 Nc6
9. Qe2 bxc4 10. bxc4 Rb8 11. Rb1 Be7 12. Ne5 Nd8 13. Bxb7 Rxb7 14. Rxb7 Nxb7
15. f4 Nd8 16. g4 d6 17. Nd3 h6 18. Bb2 Qc7 19. Ba1 Nc6 20. Qg2 Nb4 21. Nf2 Qc6
22. Qxc6+ Nxc6 23. Rb1 Kd7 24. Rb7+ Kc8 25. Rb6 Nb8 26. Nce4 Kc7 27. Rb1 Nbd7
28. Kg2 Rg8 29. Bc3 Nxg4 30. Nxg4 f5 31. Ngf2 fxe4 32. Nxe4 g5 33. fxg5 Bxg5
34. Kh3 d5 35. Nxg5 Rxg5 36. Rf1 dxc4 37. Rf4 Nb6 38. Rf6 Rh5+ 39. Kg4 Rg5+ 40.
Kh4 Nd5 41. Rxh6 Rg2 42. Be5+ Kd7 43. e4 Re2 44. exd5 Rxe5 45. dxe6+ Ke7 46.
Rh5 Re2 47. Rxc5 1/2-1/2

[Event "BL 0506 SF Katernberg - SC Kreuzberg"]
[Site "?"]
[Date "2005.10.23"]
[Round "2.5"]
[White "Maiwald, Jens-Uwe"]
[Black "Glek, Igor V"]
[Result "1/2-1/2"]
[WhiteElo "2502"]
[BlackElo "2566"]
[PlyCount "115"]
[EventDate "2005.??.??"]

1. g3 d5 2. Bg2 Nf6 3. Nf3 g6 4. O-O Bg7 5. d3 O-O 6. Nbd2 c5 7. e4 Nc6 8. c3
e5 9. exd5 Nxd5 10. Qa4 Nde7 11. Qc2 b6 12. Re1 Rb8 13. Nc4 f6 14. Be3 Be6 15.
Rad1 Qd7 16. b3 Bd5 17. a4 Rfd8 18. Nh4 Bxg2 19. Nxg2 Nd5 20. f4 f5 21. fxe5
Bxe5 22. Nxe5 Nxe5 23. Nh4 Nxe3 24. Rxe3 Ng4 25. Re2 Re8 26. Rde1 Rxe2 27. Qxe2
Rd8 28. Nf3 Nf6 29. Qe5 Qd6 30. d4 Ne4 31. Qxd6 Rxd6 32. Re3 Kg7 33. Rd3 cxd4
34. Rxd4 Rxd4 35. cxd4 Kf6 36. Kf1 Ke6 37. Ke2 Kd5 38. Ke3 g5 39. Ne5 Nd6 40.
Nd7 h6 41. Kd3 Ne4 42. Ke3 h5 43. Ne5 Nd6 44. Kd3 b5 45. a5 b4 46. Ng6 Kc6 47.
h4 f4 48. gxf4 g4 49. Ne7+ Kd7 50. Nd5 g3 51. Ke2 Nf5 52. Kf3 Nxd4+ 53. Kxg3
Nc6 54. f5 Kd6 55. f6 Ke6 56. a6 Nd4 57. Nxb4 Nxb3 58. Nc6 1/2-1/2

[Event "BL 0506 SF Katernberg - SC Kreuzberg"]
[Site "?"]
[Date "2005.10.23"]
[Round "2.6"]
[White "Senff, Martin"]
[Black "Kalinitschew, Sergey"]
[Result "1/2-1/2"]
[WhiteElo "2469"]
[BlackElo "2491"]
[PlyCount "30"]
[EventDate "2005.??.??"]

1. e4 c6 2. d4 d5 3. Nc3 dxe4 4. Nxe4 Nd7 5. Bc4 Ngf6 6. Nxf6+ Nxf6 7. c3 Qc7
8. Nf3 Bf5 9. O-O e6 10. Re1 Bd6 11. Ne5 O-O 12. Bf4 Ng4 13. Qe2 Nxe5 14. Bxe5
Rfd8 15. Rad1 a5 1/2-1/2

[Event "BL 0506 SF Katernberg - SC Kreuzberg"]
[Site "?"]
[Date "2005.10.23"]
[Round "2.7"]
[White "Lau, Ralf"]
[Black "Siebrecht, Sebastian"]
[Result "1-0"]
[WhiteElo "2467"]
[BlackElo "2485"]
[PlyCount "67"]
[EventDate "2005.??.??"]

1. d4 d6 2. c3 Nf6 3. Bg5 Nbd7 4. Nd2 g6 5. e4 Bg7 6. Ngf3 e5 7. Bc4 O-O 8. O-O
Qe8 9. Re1 h6 10. Bh4 Nh5 11. a4 a5 12. Bb5 f6 13. Nc4 Nf4 14. Nfd2 h5 15. f3
g5 16. Bf2 Qg6 17. Ne3 Nb8 18. Bf1 g4 19. Nf5 Rf7 20. Bg3 d5 21. Bxf4 exf4 22.
Qb3 Kh7 23. Qxd5 c6 24. Qb3 Bf8 25. Nh4 Qg7 26. e5 f5 27. e6 Rf6 28. Bd3 Qg5
29. Nxf5 Kh8 30. e7 Bxf5 31. Bxf5 Bxe7 32. Rxe7 Rxf5 33. Re8+ Kh7 34. Qxb7+ 1-0

[Event "BL 0506 SF Katernberg - SC Kreuzberg"]
[Site "?"]
[Date "2005.10.23"]
[Round "2.8"]
[White "Scholz, Christian"]
[Black "Tischbierek, Raj"]
[Result "0-1"]
[WhiteElo "2390"]
[BlackElo "2466"]
[PlyCount "88"]
[EventDate "2005.??.??"]

1. d4 d6 2. Nf3 Bg4 3. e4 Nf6 4. Nc3 e6 5. h3 Bh5 6. Qe2 a6 7. g4 Bg6 8. h4 h5
9. g5 Nfd7 10. Bh3 b5 11. a3 c6 12. d5 cxd5 13. exd5 e5 14. Nh2 Be7 15. Nf1 Nb6
16. Ng3 N8d7 17. O-O Qc7 18. f4 exf4 19. Bxf4 Ne5 20. Rae1 Ra7 21. Nf5 O-O 22.
Nxe7+ Qxe7 23. Be3 Nbc4 24. Bxa7 Qxa7+ 25. Kh1 Nxb2 26. Ne4 Bxe4+ 27. Qxe4 Qc5
28. Qb4 Na4 29. Qxc5 Nxc5 30. Rf5 Ng6 31. Rf2 Rd8 32. Bf1 Kf8 33. Be2 Ne4 34.
Rh2 Re8 35. Rg1 Nf4 36. Bf3 Nc5 37. Rf2 Nh3 38. Rgf1 Nxf2+ 39. Rxf2 g6 40. Kg2
Kg7 41. Kg3 Re3 42. Kf4 Rxa3 43. Re2 Ra4+ 44. Kg3 Kf8 0-1

[Event "BL 0506 SV Mülheim Nord - SFR Neukölln"]
[Site "?"]
[Date "2005.10.23"]
[Round "2.1"]
[White "Miroshnichenko, Evgenij"]
[Black "Landa, Konstantin"]
[Result "1-0"]
[WhiteElo "2634"]
[BlackElo "2600"]
[PlyCount "69"]
[EventDate "2005.??.??"]

1. Nf3 c5 2. c4 Nc6 3. Nc3 e5 4. g3 g6 5. Bg2 Bg7 6. O-O d6 7. a3 a5 8. Qa4 Ra6
9. e3 Nge7 10. Qc2 O-O 11. b3 Bf5 12. d3 Qd7 13. Bb2 Bh3 14. Bxh3 Qxh3 15. Nd5
Qd7 16. Nd2 h5 17. f4 h4 18. Ne4 Nxd5 19. cxd5 Ne7 20. fxe5 Nxd5 21. Qf2 Qe6
22. exd6 hxg3 23. hxg3 Bxb2 24. Qxb2 f5 25. Rae1 Rc6 26. Qh2 Nf6 27. Qh6 Nxe4
28. dxe4 Rxd6 29. Rf4 Qe5 30. Ref1 Qg7 31. Qg5 Rdf6 32. g4 R8f7 33. exf5 gxf5
34. Rxf5 Rxf5 35. Rxf5 1-0

[Event "BL 0506 SV Mülheim Nord - SFR Neukölln"]
[Site "?"]
[Date "2005.10.23"]
[Round "2.2"]
[White "Fridman, Daniel"]
[Black "Brynell, Stellan"]
[Result "1/2-1/2"]
[WhiteElo "2564"]
[BlackElo "2496"]
[PlyCount "63"]
[EventDate "2005.??.??"]

1. d4 e6 2. c4 Nf6 3. Nc3 Bb4 4. Qc2 O-O 5. a3 Bxc3+ 6. Qxc3 b5 7. cxb5 c6 8.
bxc6 Nxc6 9. e3 a5 10. b3 Qb6 11. Nf3 Ne4 12. Qb2 Ba6 13. Bxa6 Qxa6 14. Qe2
Qxe2+ 15. Kxe2 Rfb8 16. Nd2 Nxd2 17. Bxd2 Rxb3 18. a4 Kf8 19. Rhc1 Ke7 20. Rc5
Rb2 21. d5 Nb4 22. dxe6 dxe6 23. Rd1 Ra7 24. Rb5 Ra2 25. Kf3 Rxa4 26. Bc3 f6
27. Bd4 Rc7 28. Bb6 Rd7 29. Bc5+ Kd8 30. Bb6+ Ke8 31. Rxd7 Kxd7 32. Rxa5
1/2-1/2